Erkenne den Song - Statistiken

Allgemein
  • Dieses Quiz wurde 265 mal gespielt
  • Das Durchschnittsergebnis liegt bei 75 aus 288
Antwortstatistiken
Antwort % Korrekt
Ich
94%
du
88%
wir
75%
Wir
75%
die
70%
es
70%
und
68%
der
67%
ist
56%
wie
55%
so
51%
bis
48%
nicht
46%
Was
46%
zu
43%
Zu
43%
mir
42%
ne
42%
uns
39%
auf
38%
sind
36%
Alle
35%
wenn
35%
Ja
32%
dann
31%
nach
31%
geht
30%
Weil
28%
weil
28%
Denn
27%
Meine
27%
noch
26%
bei
25%
hier
24%
alles
23%
immer
23%
keine
23%
mach
23%
Mach
23%
mehr
23%
Sag
23%
heute
22%
jetzt
22%
sehen
22%
von
22%
morgen
20%
Sonne
18%
weiß
18%
viel
17%
aus
16%
mal
14%
Wolke
14%
machen
13%
Kommen
12%
7
11%
drauf
10%
oben
10%
Scheiß
10%
wärst
10%
Wärst
10%
laut
9%
tanzen
9%
Auge
8%
Hause
8%
leise
8%
vorbei
8%
10
7%
Brauch
7%
gute
7%
niemand
7%
einmal
4%
Laune
4%
schwarz
4%
Bass
3%
Boosterflasche
3%
draußen
3%
dreh
3%
Nachbarn
3%
plötzlich
3%
Wodka E
3%
wunderschön
3%
aufsteht
2%
Eiskalt
2%
Freitagabend
2%
aufging
1%
überall
1%
Keine übereinstimmenden Quizze gefunden
Verteilung der Resultate
Anzahl Personen mit jedem Resultat
Perzentil nach korrekt beantworteten Fragen
Ihre Resultats-Entwicklung
Sie haben dieses Quiz noch nicht gespielt